|
|
|
|
| LEADER |
01608nam a22003374a 4500 |
| 001 |
45750 |
| 003 |
BD-DhAAL |
| 005 |
20260512115213.0 |
| 008 |
260501t20051977mau 000 0 eng |
| 010 |
|
|
|a 2004029839
|
| 020 |
|
|
|a 0887274366
|
| 020 |
|
|
|a 9780887274367
|
| 035 |
|
|
|a 13815507
|
| 040 |
|
|
|a DLC
|c DLC
|d DLC
|d BD-DhAAL
|
| 041 |
1 |
|
|a eng
|h jpn
|
| 042 |
|
|
|a pcc
|
| 050 |
0 |
0 |
|a PL782.E1
|b C6 2005
|
| 082 |
0 |
0 |
|a 895.608005
|2 22
|
| 245 |
0 |
0 |
|a Contemporary Japanese literature :
|b an anthology of fiction, film, and other writing since 1945 /
|c edited and with a new preface by Howard Hibbett.
|
| 250 |
|
|
|a First Cheng & Tsui edition.
|
| 260 |
|
|
|a Boston :
|b Cheng & Tsui Co.,
|c c2005.
|
| 300 |
|
|
|a xxii, 468 pages ;
|c 24 cm
|
| 526 |
8 |
|
|a AAL
|
| 541 |
1 |
|
|a Donated by Embassy of Japan in Bangladesh, Read Japan Project 2025, The Tokyo Foundation, supported by The Nippon Foundation.
|e 45750
|
| 650 |
|
0 |
|a Japanese literature
|y Shōwa period, 1926-1989
|v Translations into English.
|9 60656
|
| 650 |
|
0 |
|a Japanese literature.
|
| 700 |
1 |
|
|a Hibbett, Howard.
|9 60657
|
| 852 |
1 |
|
|a Ayesha Abed Library
|c General Stacks
|
| 942 |
|
|
|2 ddc
|c BK
|
| 999 |
|
|
|c 47927
|d 47927
|
| 952 |
|
|
|0 0
|1 0
|2 ddc
|4 0
|6 895_608005000000000_CON
|7 0
|9 79184
|a BRACUL
|b BRACUL
|d 2026-05-12
|e Donated by Embassy of Japan in Bangladesh, Read Japan Project 2025, The Tokyo Foundation, supported by The Nippon Foundation.
|l 0
|o 895.608005 CON
|p 3010045750
|r 2026-05-12
|t 1
|w 2026-05-12
|y BK
|x Donated copy received from Embassy of Japan in Bangladesh, Read Japan Project 2025, The Tokyo Foundation, supported by The Nippon Foundation on 08 April 2026; $ $42.58
|